Waiting in the wings (Record no. 82327)

MARC details
000 -LEADER
fixed length control field 00850cab a22001935a 4500
001 - CONTROL NUMBER
control field L149921
008 - FIXED-LENGTH DATA ELEMENTS--GENERAL INFORMATION
fixed length control field 100517e20101004xxk 000 0 eng d
035 ## - SYSTEM CONTROL NUMBER
System control number (Sirsi) u149921
041 0# - LANGUAGE CODE
Language code of text/sound track or separate title eng
100 1# - MAIN ENTRY--PERSONAL NAME
Personal name Driscoll, James
245 00 - TITLE STATEMENT
Title Waiting in the wings
260 ## - PUBLICATION, DISTRIBUTION, ETC.
Date of publication, distribution, etc. 2010
490 ## - SERIES STATEMENT
Series statement Estates Gazette
Volume/sequential designation (1016) 24 April 2010, 98-99(2)
520 ## - SUMMARY, ETC.
Summary, etc. The Assured Tenancies (Amendment) (England) Order 2010 is coming into force on 1 October 2010. Describes how it will amend the Housing Act 1988 by raising the annual rental threshold for assured tenancies from 25 000 to 100 000. This rise will extend the benefit of the tenancy deposit scheme to a wider set of tenancies.
590 ## - LOCAL NOTE (RLIN)
Local note KA
651 #4 - SUBJECT ADDED ENTRY--GEOGRAPHIC NAME
Geographic name England and Wales
Chronological subdivision 1543-
690 ## - LOCAL SUBJECT ADDED ENTRY--TOPICAL TERM (OCLC, RLIN)
Topical term or geographic name as entry element PROPERTY-RESIDENTIAL PROPERTY-RESIDENTIAL LANDLORD AND TENANT-RESIDENTIAL TENANCIES
942 ## - ADDED ENTRY ELEMENTS (KOHA)
Suppress in OPAC 0
Holdings
Withdrawn status Lost status Source of classification or shelving scheme Damaged status Not for loan Home library Current library Shelving location Date acquired Total Checkouts Full call number Barcode Date last seen Copy number Price effective from Koha item type
    Dewey Decimal Classification     London London Journal article 17/05/2010   L149921 149921-1001 06/08/2019 1 06/08/2019 Journal article